<?xml version="1.0" encoding="UTF-8"?>
<collection xmlns="http://www.loc.gov/MARC21/slim">
 <record>
  <leader>00419pamaa2200157   4500</leader>
  <controlfield tag="001">0000023295</controlfield>
  <controlfield tag="005">20060505090000.0</controlfield>
  <datafield tag="020" ind1="0" ind2="0">
   <subfield code="a">0297812726 </subfield>
  </datafield>
  <datafield tag="082" ind1=" " ind2=" ">
   <subfield code="a">291.1 CAN</subfield>
  </datafield>
  <datafield tag="090" ind1="0" ind2="0">
   <subfield code="a">BLO610 </subfield>
   <subfield code="b">CAN</subfield>
  </datafield>
  <datafield tag="100" ind1="1" ind2="0">
   <subfield code="a">CANNING'S </subfield>
  </datafield>
  <datafield tag="245" ind1="1" ind2="0">
   <subfield code="a">Great unsolved mysteries  </subfield>
   <subfield code="c">John Canning's.</subfield>
  </datafield>
  <datafield tag="260" ind1="0" ind2="0">
   <subfield code="a">London: </subfield>
   <subfield code="b">BCA, </subfield>
   <subfield code="c">1992.</subfield>
  </datafield>
  <datafield tag="300" ind1=" " ind2=" ">
   <subfield code="a">vi, 229p.: </subfield>
   <subfield code="b">ill.; </subfield>
   <subfield code="c">22cm.</subfield>
  </datafield>
  <datafield tag="504" ind1="0" ind2="0">
   <subfield code="a">Includes bibliographical references and index</subfield>
  </datafield>
  <datafield tag="650" ind1="0" ind2="0">
   <subfield code="a">Mysteries </subfield>
  </datafield>
 </record>
</collection>
